000 00462cam a2200193ua 4500
020 _c1.60
041 _aeng
_h
082 _a425
_bECK/BR
100 _aEckersley, C E .
245 _aBrighter grammer /
_cC E Eckersley.
_hTextual Documents
250 _a1 /
_b.
260 _aLondon :
_bOrient-Longman Ltd ,
_c1960.
300 _a96 ; .
365 _a1.60
504 _a
700 1 _aMacaulay, Margaret .
942 _cBK
999 _c11776
_d11776